[Event "European Rapid 2017"]
[Site "Katowice POL"]
[Date "2017.12.17"]
[Round "10.26"]
[White "Dobrowolski, Piotr"]
[Black "Mikhalchishin, Adrian"]
[Result "1-0"]
[WhiteTitle "IM"]
[BlackTitle "GM"]
[WhiteElo "2421"]
[BlackElo "2479"]
[WhiteFideId "1106236"]
[BlackFideId "14602385"]
[EventDate "2017.12.16"]

1. e4 e5 2. Nf3 Nc6 3. Bb5 a6 4. Ba4 Nge7 5. c3 g6 6. d4 exd4 7. cxd4 b5 8. Bc2
d5 9. exd5 Nxd5 10. O-O Be6 11. Re1 Bg7 12. Bg5 Qd7 13. Nbd2 Nxd4 14. Nxd4 Bxd4
15. Nb3 Bxb2 16. Nc5 Qd6 17. Ne4 Qc6 18. Rb1 Bg7 19. Bb3 O-O 20. Rc1 Nc3 21. Qf3
b4 22. Nf6+ Bxf6 23. Qxc6 Bxg5 24. Rxc3 bxc3 25. Bxe6 fxe6 26. Qxc3 Rad8 27.
Qxc7 Bd2 28. Rf1 Bf4 29. Qc6 Rd6 30. Qc4 Be5 31. g3 Bd4 32. Kg2 Rf7 33. f4 Kg7
34. Re1 Re7 35. Re2 h5 36. a4 Kf7 37. h3 Red7 38. g4 hxg4 39. hxg4 Kf6 40. Qc8
Kf7 41. f5 gxf5 42. gxf5 exf5 43. Qe8+ Kf6 44. Qf8+ Kg6 45. Kf3 Bg7 46. Rg2+ Kh6
47. Rxg7 Rd3+ 48. Kf4 R3d4+ 49. Kxf5 R4d5+ 50. Ke6 R5d6+ 51. Qxd6 Rxd6+ 52. Kxd6
Kxg7 53. Kc6 Kf6 54. Kb6 1-0

[Event "European Rapid 2017"]
[Site "Katowice POL"]
[Date "2017.12.17"]
[Round "10.27"]
[White "Stupak, Kirill"]
[Black "Sroczynski, Maciej"]
[Result "1-0"]
[WhiteTitle "GM"]
[BlackTitle "FM"]
[WhiteElo "2588"]
[BlackElo "2309"]
[WhiteFideId "13503758"]
[BlackFideId "1121472"]
[EventDate "2017.12.16"]

1. d4 d5 2. Nf3 Nf6 3. g3 c6 4. Bg2 Bf5 5. O-O h6 6. c4 e6 7. Nc3 Nbd7 8. Qb3
Qb6 9. c5 Qxb3 10. axb3 a6 11. b4 Rc8 12. Nd2 Be7 13. Nb3 Bd8 14. Bf4 O-O 15.
Bd6 Re8 16. f4 Ng4 17. Rf3 h5 18. h3 Nh6 19. Na5 Bxa5 20. bxa5 f6 21. Ra4 Nf7
22. Rb4 Nxd6 23. cxd6 c5 24. Rxb7 Red8 25. e3 c4 26. Rf2 Kf8 27. e4 dxe4 28.
Bxe4 Bxh3 29. Ra7 Nb8 30. Bb7 Rd7 31. Bxc8 Rxa7 32. d5 Nd7 33. Rh2 Bg4 34. dxe6
Bxe6 35. Rxh5 f5 36. Na4 Kf7 37. Nb6 Nf6 38. Rh8 Nd7 39. Rd8 Nc5 40. d7 Bxd7 41.
Bxd7 Ke7 42. Re8+ Kd6 43. Bxf5 Nb3 44. Nc8+ 1-0

[Event "European Rapid 2017"]
[Site "Katowice POL"]
[Date "2017.12.17"]
[Round "10.28"]
[White "Sabuk, Piotr"]
[Black "Tomczak, Jacek"]
[Result "0-1"]
[WhiteTitle "IM"]
[BlackTitle "GM"]
[WhiteElo "2382"]
[BlackElo "2588"]
[WhiteFideId "1137565"]
[BlackFideId "1124668"]
[EventDate "2017.12.16"]

1. d4 Nf6 2. c4 g6 3. Nc3 d5 4. Bg5 Ne4 5. Bh4 g5 6. Bg3 h5 7. f3 Nxg3 8. hxg3
e6 9. e3 Bd6 10. f4 gxf4 11. gxf4 dxc4 12. Rxh5 Rg8 13. Qa4+ Bd7 14. Qxc4 Bc6
15. O-O-O Nd7 16. f5 Nb6 17. Qb3 Qf6 18. e4 Bf4+ 19. Kb1 O-O-O 20. e5 Qg7 21.
Nf3 Qg4 22. Rh4 Bxf3 23. Rxg4 Bxg4 24. Be2 Bxf5+ 25. Bd3 Bxd3+ 26. Rxd3 Rxg2 27.
a4 a5 28. Qb5 Rh8 29. Rf3 Bd2 30. Ne4 Bb4 31. Rxf7 Kb8 32. Rf2 Rg4 33. Nc5 Rh1+
34. Rf1 Rxf1+ 35. Qxf1 Bxc5 36. dxc5 Nxa4 37. Qb5 Rb4 38. Qxa5 Nc3+ 39. Kc2 Nd5
40. Qa1 Rc4+ 41. Kd3 Rxc5 42. Qh1 Nb4+ 43. Kd4 b6 44. Qh6 Nc6+ 45. Kd3 Rxe5 46.
Qf4 Kb7 47. b4 Rb5 48. Qe4 e5 49. Kc3 Rxb4 50. Qd5 Rd4 51. Qh1 b5 52. Qf1 Rc4+
53. Kb2 e4 54. Qe2 Nb4 55. Kb3 Nd3 56. Qg2 Nc5+ 57. Kb2 b4 58. Qf1 Nd3+ 59. Kb3
Rc3+ 60. Ka4 c6 61. Qf7+ Kb6 0-1

[Event "European Rapid 2017"]
[Site "Katowice POL"]
[Date "2017.12.17"]
[Round "10.29"]
[White "Gazik, Viktor"]
[Black "Krejci, Jan2"]
[Result "1-0"]
[WhiteTitle "IM"]
[BlackTitle "GM"]
[WhiteElo "2479"]
[BlackElo "2570"]
[WhiteFideId "14928752"]
[BlackFideId "322156"]
[EventDate "2017.12.16"]

1. c4 e6 2. g3 d5 3. Nf3 Nf6 4. b3 d4 5. Bg2 c5 6. O-O Nc6 7. e3 Bd6 8. d3 O-O
9. exd4 cxd4 10. Re1 a5 11. Na3 h6 12. Nb5 Bb8 13. Ba3 Re8 14. Nd2 e5 15. Ne4
Bf5 16. Ned6 Bg4 17. f3 Bxd6 18. Nxd6 Bh5 19. Nxe8 Qxe8 20. Qd2 Qd7 21. h3 Bg6
22. f4 exf4 23. gxf4 Qf5 24. Rad1 Nh5 25. Bd6 Nb4 26. Re5 Qd7 27. Bxb4 axb4 28.
Qf2 Nf6 29. f5 Bh5 30. Rde1 Ra7 31. Re7 Qc8 32. Qxd4 Rxa2 33. Qe5 b6 34. d4 Kh7
35. Qc7 Qxf5 36. Qg3 Bg6 37. R7e2 Rxe2 38. Rxe2 Nh5 39. Qf3 Nf4 40. Rf2 Qb1+ 41.
Rf1 Qc2 42. Qxf4 Qxb3 43. d5 Qd3 44. Qf3 Qxc4 45. Qf4 Qc5+ 46. Qf2 Qc3 47. d6 b3
48. Qxb6 Qd3 49. Rf3 Qd1+ 50. Kh2 Be4 51. Qxb3 Qxd6+ 52. Rg3 Bxg2 53. Qc2+ g6
54. Qxg2 h5 55. Qe4 Qd2+ 56. Kh1 Qd1+ 57. Rg1 Qb3 58. Qg2 Kg8 59. Rf1 Kg7 60.
Qf3 Qc4 61. Qf6+ Kg8 62. Re1 Qd5+ 63. Kg1 Qc5+ 64. Kg2 Qd5+ 65. Qf3 Qd2+ 66. Re2
Qd7 67. Qe4 Kh7 68. Qe5 Qc6+ 69. Kh2 Qc4 70. Rf2 Kg8 71. Rb2 Kh7 72. Rb8 Qc2+
73. Kg1 Qd1+ 74. Kf2 Qd2+ 75. Kf3 Qd3+ 76. Kf4 Qf1+ 77. Ke4 Qe1+ 78. Kd5 Qa5+
79. Kd6 Qa6+ 80. Ke7 f6 81. Qd6 Qa7+ 82. Qd7 Qxb8 83. Kxf6+ Kh6 84. Qg7# 1-0

[Event "European Rapid 2017"]
[Site "Katowice POL"]
[Date "2017.12.17"]
[Round "10.30"]
[White "Vykouk, Jan"]
[Black "Inarkiev, Ernesto"]
[Result "0-1"]
[WhiteTitle "FM"]
[BlackTitle "GM"]
[WhiteElo "2435"]
[BlackElo "2689"]
[WhiteFideId "349658"]
[BlackFideId "4162722"]
[EventDate "2017.12.16"]

1. d4 Nf6 2. c4 e6 3. Nc3 Bb4 4. Qc2 O-O 5. a3 Bxc3+ 6. Qxc3 b6 7. Bg5 Bb7 8. f3
h6 9. Bh4 c5 10. dxc5 bxc5 11. Bf2 d6 12. e3 Nc6 13. Bd3 e5 14. Ne2 e4 15. Bxe4
Nxe4 16. fxe4 Ne5 17. O-O Bxe4 18. Rad1 Re8 19. Bg3 Qb6 20. Rd2 Rab8 21. Rfd1 f6
22. Bxe5 Rxe5 23. Ng3 Bg6 24. Kf2 Qb3 25. Ne2 Bf7 26. Rc1 Re4 27. Qxb3 Rxb3 28.
Rc3 Rb6 29. b3 Re7 30. Nc1 Bg6 31. Nd3 Reb7 32. Nc1 Be4 33. g3 Kf7 34. Rb2 Ke6
35. Na2 a5 36. b4 axb4 37. axb4 cxb4 38. Rcb3 Rc6 39. Rxb4 Rxb4 40. Rxb4 Bd3 41.
Rb7 Rxc4 42. Nb4 Be4 43. Rb8 h5 44. Ke2 Kf5 45. h3 g5 46. Rb5+ Rc5 47. Rb6 Ke6
48. Rb8 Rc4 49. Kd2 Bf5 50. Re8+ Kf7 51. Rb8 Bxh3 52. Nd5 Bg2 53. Nc3 Rg4 54.
Rb6 Rxg3 55. Rxd6 h4 56. Ne2 Rg4 0-1

[Event "European Rapid 2017"]
[Site "Katowice POL"]
[Date "2017.12.17"]
[Round "10.31"]
[White "McShane, Luke J"]
[Black "Nikitenko, Mihail"]
[Result "1/2-1/2"]
[WhiteTitle "GM"]
[BlackTitle "IM"]
[WhiteElo "2640"]
[BlackElo "2361"]
[WhiteFideId "404853"]
[BlackFideId "13506862"]
[EventDate "2017.12.16"]

1. e4 e5 2. Nf3 Nc6 3. Bb5 a6 4. Ba4 Nf6 5. O-O Be7 6. Bxc6 dxc6 7. d3 Nd7 8.
Nc3 O-O 9. Kh1 Re8 10. Be3 Bd6 11. Ng1 b5 12. Qd2 Qh4 13. Nce2 c5 14. Ng3 f6 15.
h3 g5 16. Nf3 Qh6 17. h4 Nf8 18. Kg1 Ne6 19. hxg5 fxg5 20. Nf5 Qg6 21. Nxd6 cxd6
22. Nxg5 Nxg5 23. Bxg5 Ra7 24. f3 h5 25. Bh4 Rg7 26. f4 Bh3 27. Rf2 Rf8 28. Raf1
Rxf4 29. Rxf4 Qxg2+ 30. Qxg2 Rxg2+ 31. Kh1 exf4 32. Rf3 Rxc2 33. Rxh3 Rxb2 34.
Rh2 Rxh2+ 35. Kxh2 Kf7 36. Kg2 c4 37. dxc4 bxc4 38. Kf3 Ke6 39. Be1 d5 40. Bc3 1/2-1/2

[Event "European Rapid 2017"]
[Site "Katowice POL"]
[Date "2017.12.17"]
[Round "10.32"]
[White "Rodshtein, Maxim"]
[Black "Tomczak, Mikolaj"]
[Result "1-0"]
[WhiteTitle "GM"]
[BlackTitle "FM"]
[WhiteElo "2699"]
[BlackElo "2372"]
[WhiteFideId "2806851"]
[BlackFideId "1175114"]
[EventDate "2017.12.16"]

1. e4 c5 2. Nf3 e6 3. d4 cxd4 4. Nxd4 Nc6 5. Nc3 Qc7 6. Be2 a6 7. O-O Nf6 8. Be3
d6 9. f4 Be7 10. Qe1 O-O 11. Qg3 Nxd4 12. Bxd4 b5 13. a3 Bb7 14. Kh1 Rad8 15.
Rae1 Rd7 16. Bd3 Bc6 17. Qh3 g6 18. f5 gxf5 19. Nd5 Qd8 20. Rxf5 exf5 21. Qxf5
Bxd5 22. exd5 Re8 23. Qg5+ Kf8 24. Qh6+ Kg8 25. Re3 1-0

[Event "European Rapid 2017"]
[Site "Katowice POL"]
[Date "2017.12.17"]
[Round "10.33"]
[White "Kashlinskaya, Alina"]
[Black "Neiksans, Arturs"]
[Result "1-0"]
[WhiteTitle "IM"]
[BlackTitle "GM"]
[WhiteElo "2452"]
[BlackElo "2590"]
[WhiteFideId "4198026"]
[BlackFideId "11601388"]
[EventDate "2017.12.16"]

1. d4 f5 2. c4 Nf6 3. Nc3 d6 4. Bg5 Nbd7 5. g4 fxg4 6. h3 g3 7. fxg3 g6 8. Nf3
Bg7 9. Qc2 c5 10. d5 O-O 11. O-O-O a6 12. h4 b5 13. Bh3 Nb6 14. Bxc8 Rxc8 15. h5
Nxh5 16. g4 Nf6 17. Bh6 Nxc4 18. Bxg7 Ne3 19. Qd2 Nxd1 20. Kxd1 Kxg7 21. Qh6+
Kg8 22. Ng5 Qe8 23. Nce4 Rc7 24. Ne6 Qf7 25. N4g5 Nxg4 26. Nxf7 Rxf7 27. Qg5
Nf2+ 28. Kc2 Rc8 29. Rh6 Ne4 30. Rxg6+ Kh8 31. Qh6 Rg8 32. Rxg8+ Kxg8 33. Qe3
Nf6 34. Nd8 Rg7 35. Qe6+ Kf8 36. Qc8 Rg4 37. Nc6+ Kg7 38. Nxe7 Re4 39. Nf5+ Kg6
40. Nxd6 Rxe2+ 41. Kd3 Re5 42. Qxa6 Rxd5+ 43. Kc2 b4 44. Ne4 Rf5 45. a4 bxa3 46.
bxa3 h5 47. a4 h4 48. Nxf6 Rxf6 49. Qd3+ Kg5 50. a5 c4 51. Qe3+ Kg4 52. Qd4+ Kg5
53. Qe5+ Rf5 54. Qg7+ Kf4 55. a6 h3 56. a7 Ra5 57. Qc7+ 1-0

[Event "European Rapid 2017"]
[Site "Katowice POL"]
[Date "2017.12.17"]
[Round "10.34"]
[White "Kusiak, Matej"]
[Black "Aleksandrov, Aleksej"]
[Result "0-1"]
[BlackTitle "GM"]
[WhiteElo "2280"]
[BlackElo "2589"]
[WhiteFideId "14911213"]
[BlackFideId "13500139"]
[EventDate "2017.12.16"]

1. e4 e5 2. Nf3 Nc6 3. Bb5 Nf6 4. d3 d6 5. O-O Bd7 6. c3 g6 7. Re1 Bg7 8. Nbd2
O-O 9. Nf1 Nh5 10. d4 Nxd4 11. Nxd4 exd4 12. Bxd7 dxc3 13. Bg4 cxb2 14. Bxb2
Bxb2 15. Rb1 Qf6 16. Bxh5 gxh5 17. Qxh5 Bd4 18. Ne3 b6 19. Nf5 Kh8 20. Rb3 Be5
21. Rh3 Qg6 22. Qf3 Rae8 23. Rh6 Qg8 24. Re3 Re6 25. Rh4 c5 26. Qd1 Rg6 27. g3
Bf6 28. Rh5 Re8 29. Qd5 Re6 30. Rf3 Qf8 31. Kg2 b5 32. Rf4 b4 33. Nh4 Bxh4 34.
Rfxh4 h6 35. f4 Rgf6 36. e5 dxe5 37. Rxe5 Qd6 38. Qa8+ Kg7 39. Rg4+ Rg6 40.
Rxg6+ Rxg6 41. Rd5 Qc6 42. Qd8 c4 43. h4 c3 44. f5 Rf6 45. Kh3 c2 46. Rd4 h5 0-1

[Event "European Rapid 2017"]
[Site "Katowice POL"]
[Date "2017.12.17"]
[Round "10.35"]
[White "Costachi, Mihnea"]
[Black "Fedorov, Alexei"]
[Result "0-1"]
[WhiteTitle "IM"]
[BlackTitle "GM"]
[WhiteElo "2441"]
[BlackElo "2573"]
[WhiteFideId "1217518"]
[BlackFideId "13500465"]
[EventDate "2017.12.16"]

1. d4 Nf6 2. c4 g6 3. Nc3 Bg7 4. e4 d6 5. Be2 O-O 6. Bg5 Na6 7. Qd2 e5 8. d5 Qe8
9. Bd1 Nd7 10. Nge2 f5 11. exf5 gxf5 12. f3 e4 13. O-O Ne5 14. fxe4 Nxc4 15. Qc1
fxe4 16. Rxf8+ Qxf8 17. Bb3 Ne5 18. Nxe4 Bf5 19. N2g3 Bxe4 20. Nxe4 Ng4 21. Qd1
Nf6 22. Bxf6 Bxf6 23. Qg4+ Kh8 24. Nxf6 Qxf6 25. Qe2 Rf8 26. Re1 Nc5 27. Bc4 Nd7
28. h3 Qd4+ 29. Kh1 Ne5 30. Rf1 Rxf1+ 31. Qxf1 Kg7 32. Bb3 Qxb2 33. Qf4 Ng6 34.
Qc4 Qa1+ 35. Kh2 Qe5+ 36. Kh1 Qe7 37. Qd4+ Kh6 38. Qxa7 b6 39. Qa4 Qe1+ 40. Kh2
Qe5+ 41. Kh1 Nf4 42. Qc4 Qe1+ 43. Kh2 Ne2 44. h4 Qg1+ 45. Kh3 Qh1+ 46. Kg4 Qxg2+
47. Kf5 Qg6# 0-1

[Event "European Rapid 2017"]
[Site "Katowice POL"]
[Date "2017.12.17"]
[Round "10.36"]
[White "Dvirnyy, Danyyil"]
[Black "Skliarov, Viktor"]
[Result "1/2-1/2"]
[WhiteTitle "GM"]
[BlackTitle "IM"]
[WhiteElo "2532"]
[BlackElo "2353"]
[WhiteFideId "817570"]
[BlackFideId "14106736"]
[EventDate "2017.12.16"]

1. Nf3 Nf6 2. g3 g6 3. b3 Bg7 4. Bb2 O-O 5. Bg2 c5 6. c4 Nc6 7. O-O d6 8. Nc3 e5
9. a3 Bf5 10. d3 Qd7 11. Ng5 h6 12. Nge4 Bh3 13. Nxf6+ Bxf6 14. Nd5 Bg7 15. f4
Bxg2 16. Kxg2 f5 17. fxe5 dxe5 18. e4 fxe4 19. dxe4 Rxf1 20. Nf6+ Rxf6 21. Qxd7
Rd8 22. Qxb7 Rd2+ 23. Kg1 Rxb2 24. Rf1 Nd4 25. Rxf6 Bxf6 26. Qa8+ Kf7 27. Qxa7+
Be7 28. a4 Nf3+ 29. Kf1 Nxh2+ 30. Ke1 Nf3+ 31. Kd1 Nd4 32. a5 Nc6 33. Qb6 Nxa5
34. Qxa5 Rxb3 35. Qc7 Rxg3 36. Qxe5 Rg5 37. Qh8 h5 38. Ke2 Bf6 39. Qb8 h4 40.
Qc7+ Kg8 41. Kf1 Rh5 42. Kg2 h3+ 43. Kh1 h2 44. Qd7 Bd4 45. Qe7 Bg7 46. Qe8+ Kh7
47. Qf7 Kh6 48. Qf4+ Kh7 49. Qf7 Kh6 50. Qf4+ Kh7 1/2-1/2

[Event "European Rapid 2017"]
[Site "Katowice POL"]
[Date "2017.12.17"]
[Round "10.37"]
[White "Dragnev, Valentin"]
[Black "Meskovs, Nikita"]
[Result "0-1"]
[WhiteTitle "IM"]
[BlackTitle "GM"]
[WhiteElo "2458"]
[BlackElo "2538"]
[WhiteFideId "1634852"]
[BlackFideId "11602740"]
[EventDate "2017.12.16"]

1. d4 Nf6 2. Nf3 e6 3. g3 b5 4. Bg2 Bb7 5. O-O c5 6. a4 b4 7. c4 cxd4 8. a5 Na6
9. Nxd4 Bxg2 10. Kxg2 Qc8 11. b3 Be7 12. Nd2 d5 13. Bb2 O-O 14. e3 e5 15. Ne2
dxc4 16. Nxc4 Rd8 17. Qc2 Qc6+ 18. Kg1 Ne4 19. Rad1 Ng5 20. e4 Nxe4 21. h4 Bc5
22. Bxe5 Rxd1 23. Qxd1 Nc7 24. Bxc7 Qxc7 25. Qd5 Re8 26. Kg2 Qe7 27. Nf4 Nc3 28.
Qc6 Rd8 29. a6 g6 30. Qf3 Qf6 31. Re1 Qxa6 32. Ne5 Qf6 33. Ng4 Qd6 34. Nh6+ Kg7
35. Nxf7 Kxf7 36. Ne6+ Kg8 37. Nxd8 Qxd8 38. Qc6 Bf8 39. Re5 Qd6 40. Qc4+ Kg7
41. Ra5 Qd7 42. h5 Be7 43. Qf4 Qc6+ 44. Kh2 Qd7 45. h6+ Kg8 46. Qc4+ Kf8 47. Ra6
Qf5 48. Qd4 Qh5+ 49. Kg2 Qd5+ 50. Qxd5 Nxd5 51. Rxa7 Nf6 52. Kf3 Ng8 53. g4 Nxh6
54. Ra8+ Kf7 55. Rh8 Kg7 56. Re8 Ng8 57. Rb8 Nf6 58. Rb5 Kf7 59. Rb6 Ne8 60. Ke4
Nf6+ 61. Kf3 h5 62. gxh5 gxh5 63. Kg3 Ne4+ 64. Kf3 Nd2+ 65. Kf4 Nxb3 66. Rh6 h4
67. Ke5 Nc5 68. Rh7+ Ke8 69. f4 b3 70. Rh8+ Kd7 71. f5 b2 72. Rb8 Bd6+ 0-1

[Event "European Rapid 2017"]
[Site "Katowice POL"]
[Date "2017.12.17"]
[Round "10.38"]
[White "Lavendelis, Egons"]
[Black "Dziuba, Marcin"]
[Result "1/2-1/2"]
[WhiteTitle "FM"]
[BlackTitle "GM"]
[WhiteElo "2278"]
[BlackElo "2584"]
[WhiteFideId "11601647"]
[BlackFideId "1112953"]
[EventDate "2017.12.16"]

1. e4 c5 2. Nf3 d6 3. Bb5+ Nd7 4. c3 Nf6 5. Qe2 a6 6. Ba4 b5 7. Bc2 Bb7 8. O-O
e6 9. d4 Be7 10. a4 O-O 11. Nbd2 cxd4 12. cxd4 bxa4 13. Bxa4 e5 14. Rd1 exd4 15.
Nxd4 Nc5 16. Bc2 Re8 17. b4 Ncd7 18. Qd3 Bf8 19. Qb3 d5 20. exd5 Bxd5 21. Qc3
Rc8 22. Qb2 Qb6 23. Bd3 Qxb4 24. Bxa6 Rxc1 25. Qxc1 Qxd4 26. Nf1 Qg4 27. Ng3 Nc5
28. Bb5 Rb8 29. Be2 Qh4 30. Rb1 Re8 31. Rb5 Rc8 32. Qe3 Be6 33. Rd4 Qh6 34. Qxh6
gxh6 35. h3 Ra8 36. Bf3 Ra1+ 37. Rd1 Ra2 38. Rd8 Kg7 39. Rxf8 Ra1+ 40. Kh2 Kxf8
41. Rxc5 Ra2 42. Kg1 Rb2 43. Nh5 Nd7 44. Ra5 Ke7 45. Be4 Nf8 1/2-1/2

[Event "European Rapid 2017"]
[Site "Katowice POL"]
[Date "2017.12.17"]
[Round "10.39"]
[White "Sakalauskas, Vaidas"]
[Black "Jussupow, Artur"]
[Result "1/2-1/2"]
[WhiteTitle "IM"]
[BlackTitle "GM"]
[WhiteElo "2351"]
[BlackElo "2582"]
[WhiteFideId "12800457"]
[BlackFideId "4618777"]
[EventDate "2017.12.16"]

1. d4 Nf6 2. c4 e6 3. Nc3 d5 4. cxd5 exd5 5. Bg5 Be7 6. e3 Nbd7 7. Bd3 O-O 8.
Qc2 Re8 9. Nge2 Nf8 10. O-O c6 11. f3 Be6 12. Rad1 Rc8 13. Kh1 b5 14. a3 a5 15.
Rfe1 Nh5 16. Bxe7 Qxe7 17. e4 dxe4 18. fxe4 b4 19. axb4 axb4 20. Na4 Nd7 21. Rc1
Bg4 22. e5 g6 23. Ng3 Nxg3+ 24. hxg3 Be6 25. Nc5 Nxc5 26. Qxc5 Qg5 27. Kh2 h5
28. Be4 Red8 29. Rcd1 h4 30. gxh4 Qxh4+ 31. Kg1 Bd5 32. Qc2 b3 33. Qf2 Qxf2+ 34.
Kxf2 Bxe4 35. Rxe4 c5 36. d5 c4 37. e6 fxe6 38. Rxe6 Rc5 39. Rxg6+ 1/2-1/2

[Event "European Rapid 2017"]
[Site "Katowice POL"]
[Date "2017.12.17"]
[Round "10.40"]
[White "Reichmann, Hendrik"]
[Black "Hracek, Zbynek"]
[Result "0-1"]
[WhiteTitle "FM"]
[BlackTitle "GM"]
[WhiteElo "2337"]
[BlackElo "2592"]
[WhiteFideId "4647823"]
[BlackFideId "300071"]
[EventDate "2017.12.16"]

1. d4 Nf6 2. Bf4 d5 3. e3 c5 4. c3 Nc6 5. Nd2 e6 6. Ngf3 Be7 7. Ne5 Nd7 8. Nxd7
Bxd7 9. Bd3 O-O 10. h4 f5 11. g4 cxd4 12. cxd4 Nb4 13. Bb1 Bb5 14. gxf5 exf5 15.
a3 Nd3+ 16. Bxd3 Bxd3 17. Qb3 Ba6 18. O-O-O Rf6 19. Kb1 Rb6 20. Qa2 Rc8 21. Rc1
Bd3+ 22. Ka1 Bc2 23. Be5 Rbc6 24. h5 Bf8 25. f4 a5 26. Rhg1 a4 27. Nf3 Be4 28.
Rxc6 Rxc6 29. Nd2 Bd3 30. Nf3 h6 31. Nd2 Kh7 32. Nf3 Qc8 0-1

[Event "European Rapid 2017"]
[Site "Katowice POL"]
[Date "2017.12.17"]
[Round "10.41"]
[White "Terletsky, Oleg"]
[Black "Mastrovasilis, Dimitrios"]
[Result "0-1"]
[WhiteTitle "FM"]
[BlackTitle "GM"]
[WhiteElo "2384"]
[BlackElo "2582"]
[WhiteFideId "14116774"]
[BlackFideId "4202694"]
[EventDate "2017.12.16"]

1. e4 c5 2. Nf3 e6 3. d4 cxd4 4. Nxd4 Nc6 5. Nb5 d6 6. c4 Nf6 7. N1c3 a6 8. Nd4
Bd7 9. Be2 Rc8 10. Nc2 Ne5 11. Ne3 b5 12. cxb5 axb5 13. a3 Qb6 14. O-O Be7 15.
Kh1 O-O 16. f4 Ng6 17. Nc2 Bc6 18. Bd3 d5 19. exd5 Nxd5 20. Nxd5 Bxd5 21. Qe2
Nh4 22. Ne3 Ba8 23. Bxb5 Bc5 24. Rf2 Bd4 25. Bd2 Rc2 26. Nxc2 Bxf2 27. Ne3 Qxe3 0-1

[Event "European Rapid 2017"]
[Site "Katowice POL"]
[Date "2017.12.17"]
[Round "10.42"]
[White "Warakomski, Tomasz"]
[Black "Mazurkiewicz, Michal"]
[Result "1/2-1/2"]
[WhiteTitle "GM"]
[WhiteElo "2537"]
[BlackElo "2215"]
[WhiteFideId "1124552"]
[BlackFideId "1124943"]
[EventDate "2017.12.16"]

1. e4 g6 2. d4 Bg7 3. Nc3 c6 4. h3 d5 5. Nf3 dxe4 6. Nxe4 Nf6 7. Nxf6+ Bxf6 8.
Bh6 Bf5 9. c3 Qd5 10. Qb3 Qxb3 11. axb3 Rg8 12. Bf4 Nd7 13. Be2 h5 14. Nd2 e5
15. dxe5 Bxe5 16. Be3 a6 17. Nf3 O-O-O 18. O-O-O Bf6 19. Nd4 Be4 20. f3 Bd5 21.
c4 Rge8 22. Nc2 Be6 23. g4 hxg4 24. hxg4 Rh8 25. f4 c5 26. Bf3 Rxh1 27. Rxh1 Rh8
28. Rxh8+ Bxh8 29. Ne1 b6 30. Nd3 Kc7 31. Kc2 Kd6 32. Nf2 Kc7 33. Ne4 Nf6 34.
Nf2 a5 35. Bd2 Nd7 36. Ne4 Nf6 37. Bc3 Nxe4 38. Bxh8 Nf2 39. g5 Bf5+ 40. Kd2
Ne4+ 41. Ke3 Nd6 42. Be5 Kd7 43. Kd2 Ne4+ 1/2-1/2

[Event "European Rapid 2017"]
[Site "Katowice POL"]
[Date "2017.12.17"]
[Round "10.43"]
[White "Janik, Igor"]
[Black "Moskalenko, Alexander"]
[Result "1/2-1/2"]
[WhiteTitle "FM"]
[BlackTitle "IM"]
[WhiteElo "2413"]
[BlackElo "2522"]
[WhiteFideId "1159259"]
[BlackFideId "4155351"]
[EventDate "2017.12.16"]

1. e4 d5 2. exd5 Qxd5 3. Nf3 Nf6 4. d4 Bg4 5. Be2 c6 6. c4 Qa5+ 7. Nc3 e6 8. O-O
Nbd7 9. a3 Be7 10. Bf4 O-O 11. b4 Qd8 12. h3 Bh5 13. Ne5 Bxe2 14. Qxe2 a5 15. b5
cxb5 16. Nxb5 Nxe5 17. dxe5 Nd7 18. Rfd1 Qc8 19. Rac1 Nc5 20. Rc3 Qc6 21. Qg4
Rfd8 22. Nd6 Ne4 23. Rcd3 Nxd6 24. exd6 Bf6 25. Bg3 Rd7 26. Rf3 Qc5 27. Rxf6 h5
28. Qf3 gxf6 29. Qxf6 Qf5 30. Qxf5 exf5 31. Rd5 b6 32. Rxf5 Rc8 33. Rg5+ Kf8 34.
Rxh5 Rxc4 35. Rb5 f6 36. Rb3 Kg7 37. Kf1 a4 38. Rd3 b5 39. Ke2 b4 40. axb4 Rxb4
41. Kd2 Rb2+ 42. Kc3 Rb3+ 43. Kc4 Rxd3 44. Kxd3 a3 45. Kc2 Rb7 46. d7 Rxd7 47.
Kb3 Rd3+ 48. Ka2 Rc3 49. Bd6 Kg6 50. g3 Kf5 51. Bxa3 Rc2+ 52. Kb3 Rxf2 53. Bd6
Ke4 54. Kc3 Rf3+ 55. Kc4 Rf1 56. Bf4 f5 57. h4 Rxf4 58. gxf4 Kxf4 59. Kd4 Kg4
60. Ke3 Kg3 61. Ke2 f4 62. Kf1 Kxh4 63. Kg2 Kg4 64. Kf2 Kf5 65. Kf3 Ke5 66. Kf2
Ke4 67. Ke2 f3+ 68. Kf2 Kf4 69. Kf1 Kg4 70. Kf2 Kf4 71. Kf1 Ke3 72. Ke1 Kd3 73.
Kf2 Ke4 74. Kf1 Ke3 75. Ke1 f2+ 76. Kf1 Kd2 77. Kxf2 1/2-1/2

[Event "European Rapid 2017"]
[Site "Katowice POL"]
[Date "2017.12.17"]
[Round "10.44"]
[White "Michalik, Peter"]
[Black "Styazhkina, Anna"]
[Result "1/2-1/2"]
[WhiteTitle "GM"]
[BlackTitle "WIM"]
[WhiteElo "2557"]
[BlackElo "2283"]
[WhiteFideId "14907526"]
[BlackFideId "24119300"]
[EventDate "2017.12.16"]

1. c4 e5 2. g3 Nf6 3. Bg2 d5 4. cxd5 Nxd5 5. Nf3 Nc6 6. Nc3 Be6 7. O-O Nb6 8.
Rb1 Be7 9. b4 f6 10. a3 O-O 11. Ne4 a5 12. Nc5 Bd5 13. Nxb7 Qc8 14. Nxa5 Nxa5
15. bxa5 Rxa5 16. Qc2 Rc5 17. Qb2 Qa8 18. d4 Nc4 19. Qa1 Ra5 20. dxe5 Nxe5 21.
Nh4 Bxg2 22. Nxg2 Bxa3 23. Qa2+ Kh8 24. Bxa3 Rxa3 25. Qc2 c6 26. Nf4 Rc8 27. h4
c5 28. h5 h6 29. Rb5 Ra2 30. Qf5 Rxe2 31. Ng6+ Nxg6 32. hxg6 Re5 33. Qd7 Rd8 34.
Qf7 Qe4 35. Rb7 Rg8 36. Rd1 Ree8 37. Rc7 Ref8 38. Qe7 Qxg6 39. Qxc5 Re8 40. Qc4
Qh5 41. Rcd7 Re5 42. Kg2 Qf5 43. R7d4 Rge8 44. Rf4 Qh5 45. Rh1 Qg6 46. Rd1 Re2
47. Qd3 Qf7 48. Qf3 Qa2 49. Rxf6 gxf6 50. Qxf6+ Kg8 51. Qg6+ Kf8 52. Qxh6+ Kg8
53. Qg6+ Kf8 54. Qh6+ Kg8 1/2-1/2

[Event "European Rapid 2017"]
[Site "Katowice POL"]
[Date "2017.12.17"]
[Round "10.45"]
[White "Wlodarczyk, Oskar"]
[Black "Laurusas, Tomas"]
[Result "0-1"]
[WhiteTitle "FM"]
[BlackTitle "IM"]
[WhiteElo "2280"]
[BlackElo "2423"]
[WhiteFideId "1112090"]
[BlackFideId "12803731"]
[EventDate "2017.12.16"]

1. e4 c5 2. c3 d5 3. exd5 Qxd5 4. d4 Nf6 5. Nf3 Bg4 6. Be2 e6 7. Be3 cxd4 8.
cxd4 Nc6 9. Nc3 Bb4 10. O-O Qd6 11. h3 Bh5 12. a3 Ba5 13. Qb3 Bb6 14. Rfd1 O-O
15. Nb5 Qb8 16. Rac1 Nd5 17. Qd3 Rd8 18. Bg5 Nf4 19. Qd2 Nxe2+ 20. Qxe2 Rd5 21.
g4 Bg6 22. Be3 Rd8 23. b4 Be4 24. Ng5 Bg6 25. Nf3 a5 26. bxa5 Bxa5 27. Rc5 Bb6
28. Rc3 Ne7 29. Rb3 Nd5 30. Ne5 Bc7 31. Nxg6 hxg6 32. Rdb1 Bf4 33. Qf3 Rc8 34.
h4 Bxe3 35. fxe3 Rc2 36. Qh3 Ra6 37. R3b2 Rac6 38. Rxc2 Rxc2 39. Re1 Qd8 40. Rf1
f5 41. h5 Qg5 42. hxg6 Qxg6 43. Qg3 Nxe3 44. Qb8+ Kh7 45. Rf3 Rg2+ 46. Kh1 Qh6+ 0-1